| 000 | 00446nam a22001817a 4500 | ||
|---|---|---|---|
| 003 | OSt | ||
| 005 | 20260424110138.0 | ||
| 008 | 260424b |||||||| |||| 00| 0 eng d | ||
| 020 | _a9789391820954 | ||
| 082 | _a658.4012 PRS | ||
| 100 | _aPRASAD, L. M., | ||
| 245 | _aStrategic Management | ||
| 250 | _a8th Revised edition, | ||
| 260 |
_aNew Delhi, _bSultan Chand & Sons, _c2024, |
||
| 300 | _a556 p. | ||
| 650 | _aCommerce, | ||
| 942 |
_2ddc _cBK |
||
| 999 |
_c13919 _d13919 |
||